000 00707nam a2200289Ia 4500
005 20260324124511.0
008 008 260324s9999 xx 000 0 eng d
020 _a9780203843239
037 _aEBOOK
040 _aCRL
040 _beng
040 _cCRL
041 _2eng
041 _aeng
084 _qCRL
100 _aTamara Lucas
_91174396
245 0 _aTeacher Preparation for Linguistically Diverse Classrooms
245 2 _bA Resource for Teacher Educators
260 _bTaylor and Francis
260 _c2010
365 _a
365 _b255
856 _uhttp://www.taylorfrancis.com/books/9780203843239
942 _cEBOOK
999 _c1768820
_d1768820